EVERY COUNTRY IN THE FIFA WORLD CUP SINCE 2002 - Statistics

General Stats
  • This quiz has been taken 128 times
  • The average score is 53 of 61
Answer Stats
Hint Answer % Correct
2022 Brazil
97%
2022 Argentina
96%
2014 Chile
96%
2022 England
96%
2018 Russia
96%
2022 Spain
96%
2022 United States
96%
2022 Uruguay
96%
2022 France
95%
2022 Japan
95%
2022 South Korea
95%
2018 Sweden
95%
2022 Mexico
94%
2022 Portugal
94%
2022 Canada
93%
2018 Colombia
93%
2022 Denmark
93%
2022 Netherlands
93%
2022 Germany
92%
2022 Croatia
91%
2018 Egypt
91%
2022 Morocco
91%
2010 Paraguay
91%
2022 Australia
90%
2022 Belgium
90%
2018 Peru
90%
2022 Poland
90%
2022 Saudi Arabia
90%
2022 Serbia
90%
2010 South Africa
90%
2018 Panama
89%
2022 Ecuador
88%
2014 Italy
88%
2022 Qatar
88%
2006 Ukraine
88%
2014 Greece
86%
2002 Ireland
86%
2022 Switzerland
86%
2022 Costa Rica
85%
2002 Turkey
85%
2014 Algeria
84%
2002 China
84%
2022 Ghana
84%
2022 Senegal
84%
2010 Slovakia
84%
2022 Cameroon
83%
2006 Czech Republic
83%
2010 New Zealand
83%
2022 Tunisia
83%
2018 Nigeria
82%
2022 Wales
82%
2022 Iran
81%
2010 Slovenia
80%
2014 Honduras
79%
2014 Ivory Coast
77%
2010 North Korea
76%
2014 Bosnia and Herzegovina
75%
2018 Iceland
73%
2006 Trinidad and Tobago
65%
2006 Angola
54%
2006 Togo
53%
No matching quizzes found
Score Distribution
Percent of People with Each Score
Percentile by Number Answered
Your Score History
You have not taken this quiz